| 000 | 00995nam a22002417a 4500 | ||
|---|---|---|---|
| 999 |
_c17620 _d17620 |
||
| 003 | AR-CdUCM | ||
| 008 | 190509b ||||| |||| 00| 0 spa d | ||
| 040 |
_aMUNICIPALIDAD PROVINCIAL DEL CUSCO _cBIBLIOTECA MUNICIPAL DEL CUSCO |
||
| 041 | _hfr. | ||
| 082 |
_a331.0947 / _bE93 |
||
| 110 |
_aOficina Internacional del Trabajo. _96320 |
||
| 245 | _aLa evolución de las condiciones del trabajo en la Rusia de los Soviets (estudios y documentos) / | ||
| 260 |
_aMadrid : _bM. Aguilar, |
||
| 300 |
_a438 paginas : _c18 cm. |
||
| 505 | _aContenido :Situación y función de la comisaria del trabajo --La política de los salarios --Contratos colectivos --Métodos de conciliación de los conflictos --Reglamentación del mercado del trabajo ... | ||
| 650 |
_aTrabajo y trabajadores _99211 |
||
| 650 |
_aDerecho laboral _95297 |
||
| 650 |
_aLegislación _92962 |
||
| 650 |
_aRusia _9499 |
||
| 700 |
_aCiges Aparicio, M.(traductor) _937748 |
||
| 942 |
_2ddc _cLIBROS |
||
| 945 |
_arjall _d2019-05-09 |
||